[Event "CUB-ch 57th"]
[Site "Villa Clara"]
[Date "2020.02.03"]
[Round "2"]
[White "Espinosa Veloz, Ermes"]
[Black "Elias Reyes, Jorge Roberto"]
[Result "1/2-1/2"]
[WhiteElo "2486"]
[BlackElo "2412"]
[PlyCount "107"]
[EventDate "2020.02.02"]
[EventType "tourn"]
[EventRounds "11"]
[EventCountry "CUB"]
[EventCategory "11"]
[SourceTitle "CBM 195 Extra"]
[Source "ChessBase"]
[SourceDate "2020.05.31"]
[SourceVersion "1"]
[SourceVersionDate "2020.05.31"]
[SourceQuality "1"]

1. e4 c5 2. Nf3 d6 3. d4 Nf6 4. Nc3 cxd4 5. Nxd4 a6 6. Nb3 g6 7. Be2 Bg7 8. Be3 Nc6 9. Nd5 0-0 10. Bb6 Qd7 11. f3 Nxd5 12. exd5 Ne5 13. Qd2 Qa4 14. Bd4 e6 15. f4 Nc4 16. Bxc4 Qxc4 17. Bxg7 Kxg7 18. dxe6 Qe4+ 19. Qe2 Qxf4 20. g3 Qg5 21. e7 Re8 22. 0-0 Rxe7 23. Qd2 Qxd2 24. Nxd2 Bf5 25. c3 Rae8 26. Nf3 Re2 27. Rf2 Bh3 28. Rd1 R8e3 29. Rxe2 Rxe2 30. Rd2 Rxd2 31. Nxd2 Be6 32. a4 Kf6 33. a5 Ke5 34. Kf2 Bd5 35. Ke3 f5 36. h4 h6 37. b4 g5 38. hxg5 hxg5 39. Nb1 f4+ 40. gxf4+ gxf4+ 41. Ke2 Kf5 42. Nd2 Kg4 43. Kf2 f3 44. c4 Bc6 45. b5 axb5 46. cxb5 Bxb5 47. Ne4 d5 48. Nf6+ Kf4 49. Nxd5+ Ke5 50. Nc7 Be2 51. Ke3 Kd6 52. a6 Bxa6 53. Nxa6 bxa6 54. Kxf3 1/2-1/2